Glossa in Digestum vetus

Gorde:
Xehetasun bibliografikoak
Egile nagusia: Accursius (Egilea)
Formatua: Liburua
Hizkuntza:latina
Argitaratua: Turín Augustae Taurinorum 1969
Saila:Corpus Glossatorum Juris Civilis, 7
Gaiak:
Etiketak: Etiketa erantsi
Etiketarik gabe, Izan zaitez lehena erregistro honi etiketa jartzen!

MARC

LEADER 00000cam a2200000 a 4500
001 UCD9442
003 CL-VaPUC
008 170626e19690000it |||||||||||||||||lat|d
082 0 4 |a 349.45  |b ACC  |2 21 
100 0 |a Accursius  |e author  |9 593146 
245 1 0 |a Glossa in Digestum vetus 
300 |a 699 p 
942 |c BK 
945 |d 20170626 01:10:00  |a cmena 
260 |a Turín  |b Augustae Taurinorum  |c 1969 
650 7 |a DERECHO ANTIGUO  |2 CL-VaPUC  |9 593147 
650 0 |a Derecho romano  |9 255930 
650 0 |a Derecho italiano  |9 385337 
650 0 |a Historia del derecho  |9 255109 
583 |a last modification  |c 20170626 01:10:00  |k Rodrigo Vera 
490 0 |a Corpus Glossatorum Juris Civilis, 7 
999 |c 368633  |d 368631 
952 |0 0  |1 0  |3 erd  |4 0  |6 349_450000000000000_ACC_1969  |7 0  |8 DER_HIS  |9 484001  |a BIBDER  |b BIBDER  |i 1949349  |l 1  |o 349.45 ACC 1969  |p 1949349  |r 2023-01-25  |s 2020-03-17  |w 2019-11-24  |x Ubicación 4to Piso  |y BK_X  |z Estos recursos deben solicitarse con anticipación  |k DER